NLSUI OPAC header image

Law of banking (Record no. 35086)

MARC details
000 -LEADER
fixed length control field 01938nam a2200229Ia 4500
003 - CONTROL NUMBER IDENTIFIER
control field OSt
005 - DATE AND TIME OF LATEST TRANSACTION
control field 20210629111749.0
008 - FIXED-LENGTH DATA ELEMENTS--GENERAL INFORMATION
fixed length control field 160316s2012 xxu||||| |||| 00| 0 eng d
020 ## - INTERNATIONAL STANDARD BOOK NUMBER
International Standard Book Number 9781405712989
040 ## - CATALOGING SOURCE
Transcribing agency n
082 ## - DEWEY DECIMAL CLASSIFICATION NUMBER
Classification number 346.082000
Item number PAG
100 ## - MAIN ENTRY--PERSONAL NAME
Personal name Paget John K C
245 ## - TITLE STATEMENT
Title Law of banking
250 ## - EDITION STATEMENT
Edition statement 13th
260 ## - PUBLICATION, DISTRIBUTION, ETC.
Place of publication, distribution, etc. Nagpur
Name of publisher, distributor, etc. Lexis Nexis/Butterworths
Date of publication, distribution, etc. 2012
300 ## - PHYSICAL DESCRIPTION
Extent 973p
Dimensions xxviii
365 ## - TRADE PRICE
Price amount Rs. 3,150
505 ## - FORMATTED CONTENTS NOTE
Formatted contents note Content: <br/>Part I - The Statutory Framework; <br/>1. The Financial Services and Markets Act 2000; <br/>2. The Consumer Credit Act 1974; <br/>3. The Companies Act 1985; <br/>4. Money Laundering Legislation; <br/>5. Legislation Applying to Particular Institutions;<br/><br/>Part II - The Relation of Banker and Customer; <br/>6. Bankers and Customers; <br/>7. Relationship of Banker and Customer; <br/>8. Confidentiality, Bankers' References and Advice on Investments; <br/>9. Safe Custody; <br/>10. Special Customers; <br/>11. Types of Account; <br/>12. Appropriation of Payments; <br/>13. Demand, Interest, Charges and Costs; <br/>14. Insolvency of Customer;<br/><br/>Part III - Payment Instruments and The Transfer Of Funds; <br/>15. Cheques; <br/>16. Cheque Guarantee Cards and Credit Cards; <br/>17. Electronic Funds Transfer;<br/><br/>Part IV - The Paying Bank: Liabilities and Remedies; <br/>18. The Paying Bank; <br/>19. Unauthorised Payments; <br/>20. Discharge by Payment and Protection by Statute; <br/>21. Claims Against the Paying Bank by Non-Customers;<br/><br/>Part V - The Recipient Bank: Liabilities and Remedies; <br/>22. The Collecting Bank: General; <br/>23. The Recipient Bank: Sources of Liability; <br/>24. The Cheques Act 1957, S4; Part VI Interference by Third Parties; <br/>25. Attachment; <br/>26. Freezing Injunctions; <br/>27. Compulsory Disclosure;<br/><br/>Part VII - Security for Advances; <br/>28. The Taking of Security; <br/>29. Lien and Set-Off; <br/>30. Charges over Debts and Conditional Debt Obligations
650 ## - SUBJECT ADDED ENTRY--TOPICAL TERM
Topical term or geographic name entry element 1.Banking Law
700 ## - ADDED ENTRY--PERSONAL NAME
Personal name
--
942 ## - ADDED ENTRY ELEMENTS (KOHA)
Source of classification or shelving scheme Dewey Decimal Classification
Koha item type BOOKs
Holdings
Withdrawn status Lost status Damaged status Not for loan Home library Current library Shelving location Date acquired Cost, normal purchase price Total Checkouts Total Renewals Full call number Barcode Date last seen Date last checked out Price effective from Koha item type
        . . Library Compactors 30.05.2017 3150.00 1 1 346.082 PAG 30822 06.01.2023 22.12.2022 30.05.2017 BOOKs